000 02507cam a22003618i 4500
999 _c17327
_d17327
001 22219861
005 20220924111036.0
008 210902s2022 nju b 001 0 eng
010 _a 2021029504
020 _a9781119701637
020 _z9781119701590
020 _z9781119701620
040 _aDLC
_beng
_erda
_cDLC
042 _apcc
050 0 0 _aP53.755
_b.R47 2022
082 0 0 _aDC 418.0071
_22022
_bR311
245 0 0 _aResearch methods in language teaching and learning :
_ba practical guide /
_cedited by Kenan Dikilitas, Kate Reynolds, Wei Li.
260 _aHoboken :
_bJohn Wiley & Sons, Inc.,
_c©2022.
263 _a2202
300 _aix, 370 pages :
_billustrations ;
_c25 cm.
490 0 _aGuides to research methods in language and linguistics
504 _aIncludes bibliographical references and index.
520 _a"In the book, we begin with qualitative research narratives which have been written by researchers who published journal articles or Ph.D. theses on the key approaches to qualitative research. Their experiences during the development of the research plan, implementation, writing up, and dissemination are unique and can offer insightful stories that include not only background knowledge about the method, but also research learning opportunities. In chapter 1, 'Learning to Use a Qualitative Case Study Approach to Research Language Teachers' Self-Efficacy Beliefs' Mark Wyatt introduces case study methodology in which he investigated teacher self-efficacy beliefs. Having narrated how his initial interest in self-efficacy commenced, he provided methodological details about his research plan deriving from qualitative case study approach. Wyatt's chapter offers in-depth contextualized and procedural insights which can help others learn from his experiences and methodological interpretations he made while adopting case study"--
650 0 _aLanguage and languages
_xStudy and teaching
_xResearch
_xMethodology.
_946114
650 0 _aSecond language acquisition
_xResearch
_xMethodology.
_946115
700 1 _aDikilitas, Kenan,
_eeditor.
_946116
700 1 _aReynolds, Kate Mastruserio,
_eeditor.
_946117
700 1 _aLi, Wei,
_d1960-
_eeditor.
_946118
776 0 8 _iOnline version:
_aResearch methods in language teaching and learning
_dHoboken : John Wiley & Sons, 2022
_z9781119701590
_w(DLC) 2021029505
906 _a7
_bcbc
_corignew
_d1
_eecip
_f20
_gy-gencatlg
942 _2ddc
_cDC